Estadísticas para Países más cercanos a Guinea

Haz click aquí para intentar la prueba.

Estadísticas generales

  • Esta prueba ha sido intentada 13 veces
  • La puntuación promedio es 18 de 20

Estadísticas de respuestas

kmpaís% Correcto
0Côte d'Ivoire
100%
74Gambia
100%
540Ghana
100%
0Malí
100%
1657Marruecos
100%
280Mauritania
100%
0Senegal
100%
1409Argelia
92%
996Cabo Verde
92%
0Guinea-Bissau
92%
0Liberia
92%
1001Níger
92%
1137Nigeria
92%
0Sierra Leona
92%
947Benín
85%
267Burkina Faso
85%
1831Camerún
85%
875Togo
85%
1684España
54%
965Sahara Occidental)
38%

Distribución de puntuación

Porcentaje por número respondido

Porcentaje de gente con cada puntuación

Historial de tus puntuaciones

No has intentado esta prueba.